| 000 | 01130njm a22002417a 4500 | ||
|---|---|---|---|
| 005 | 20100907103351.0 | ||
| 007 | sd ammalaaahaa | ||
| 008 | 100907t xxu||||| |||| 00| 0 hin d | ||
| 028 |
_aN. 54207 _bHis Master's Voice |
||
| 035 | _aGR-01131 | ||
| 040 | _aSED/VEN | ||
| 100 |
_aMangeshkar, Lata _91184 |
||
| 245 |
_a Parasmani Part 1 : _bhindustani / _cby Lata Mangeshkar ; music by Laxmikant & Pyarelal ; lyric by Asad Bhopali _h[sound recording] : |
||
| 246 |
_a पारसमणि (लता मंगेशकर ) _b _h |
||
| 260 |
_aDum Dum, India _bHis Master's Voice |
||
| 300 |
_a1sound disc [Gramophone record] : _banalog, 33. 1/3 rpm _c7.5 in. _fGramophone record _g |
||
| 500 | _aBrief record. | ||
| 505 |
_aMare Dil Me Halki Si (Lata Mangeshkar) मरे दिल में हलकी सी भाग १ ,Vha Jab Yaad Aaye(Lata Mangeshkar & Mohd. Rafi) वह जब याद आये भाग २ _t |
||
| 650 |
_aClassical Music _xExcerpts _zIndia _918680 |
||
| 700 |
_918681 _aMohd. Rafi |
||
| 942 |
_2ddc _cGR |
||
| 999 |
_c44269 _d44269 |
||